| 000 | 00770cam a22002651 4500 | ||
|---|---|---|---|
| 001 | 6090893 | ||
| 003 | GBCCL | ||
| 005 | 20241126110401.0 | ||
| 008 | 770611s1961 xx 000 0 eng | ||
| 010 | _a 61007748 | ||
| 035 | _a(OCoLC)3032578 | ||
| 040 |
_aDLC _cOC _dDLC |
||
| 042 | _apremarc | ||
| 050 | 0 | 0 |
_aBT1215 _b.S75 |
| 082 |
_a239.9 _bSTE |
||
| 100 | 1 |
_aStevens, Paul M. _92833 |
|
| 245 | 1 | 4 |
_aThe ultimate weapon--Christianity; _bthe case for a foreign policy of militant Christianity. |
| 250 | _apaperback ed. | ||
| 260 |
_aTexas, _bRadio and telivision commission of the SBC _c1966 |
||
| 300 |
_a158 p. _c21 cm. |
||
| 650 | 0 |
_aApologetics. _985 |
|
| 650 | 0 |
_aCommunism. _92834 |
|
| 906 |
_a7 _bcbc _coclcrpl _du _encip _f19 _gy-gencatlg |
||
| 942 |
_2ddc _cBK |
||
| 999 |
_c1423 _d1423 |
||